000 00356nam a2200133Ia 4500
008 150202s9999 xx 000 0 und d
020 _a044661064X
050 _aFIC
_bFIC
100 _aMeltzer, Brad.
245 4 _aThe first counsel /
_cBrad Meltzer.
260 _aNew York :
_bWarner Books,
_c2001.
300 _a509 pages :
_c18 cm.
650 _aFiction.
999 _c282256
_d282256